Fundamentos de preparación y evaluación de proyectos (Registro nro. 3754)
[ vista simple ]
| 000 -CABECERA | |
|---|---|
| Longitud fija campo de control | 00696nam a2200217 a 4500 |
| 001 - NÚMERO DE CONTROL | |
| Número de control | 3318360 |
| 003 - IDENTIFICADOR DELl NÚMERO DE CONTROL | |
| Identificador del número de control | OSt |
| 005 - FECHA Y HORA DE LA ÚLTIMA TRANSACCIÓN | |
| Fecha y hora de la última transacción | 20140131180748.0 |
| 008 - CÓDIGOS DE INFORMACIÓN DE LONGITUD FIJA | |
| Códigos de información de longitud fija | 840215s1985 cl a b f001 0 spa |
| 020 ## - NÚMERO INTERNACIONAL NORMALIZADO PARA LIBROS | |
| Número Internacional Normalizado para Libros (ISBN) | 958-600-008-7 |
| 040 ## - FUENTE DE LA CATALOGACIÓN | |
| Centro catalogador de origen | DLC |
| Centro transcriptor | BMC |
| 082 ## - NÚMERO DE LA CLASIFICACIÓN DECIMAL DEWEY | |
| Númeroo de clasificación | 658.152 |
| 100 1# - PUNTO DE ACCESO PRINCIPAL-NOMBRE DE PERSONA | |
| Nombre de persona | Sapag Chain, Nassir |
| 9 (RLIN) | 8561 |
| 245 10 - MENCIÓN DE TÍTULO | |
| Título | Fundamentos de preparación y evaluación de proyectos |
| Mención de responsabilidad, etc. | Nassir Sapag Chain, Reinaldo Sapag Chain ; revisión técnica, Libardo Daza |
| 260 ## - PUBLICACIÓN, DISTRIBUCIÓN, ETC. (PIE DE IMPRENTA) | |
| Lugar de publicación, distribución, etc. | Bogotá [etc.] |
| Nombre del editor, distribuidor, etc. | McGraw-Hill |
| Fecha de publicación, distribución, etc. | 1985 |
| 300 ## - DESCRIPCIÓN FÍSICA | |
| Extensión | XVIII, 438 p. |
| Otras características físicas | il. |
| Dimensiones | 23 cm |
| 650 24 - PUNTO DE ACCESO ADICIONAL DE MATERIA - TÉRMINO DE MATERIA | |
| Término de materia o nombre geográfico como elemento inicial | Evaluación de proyectos |
| 9 (RLIN) | 6014 |
| 700 10 - PUNTO DE ACCESO ADICIONAL - NOMBRE DE PERSONA | |
| Nombre de persona | Sapag Chain, Reinaldo |
| 9 (RLIN) | 8562 |
| 700 10 - PUNTO DE ACCESO ADICIONAL - NOMBRE DE PERSONA | |
| Nombre de persona | Daza M., Libardo Alberto |
| 9 (RLIN) | 8605 |
| 942 ## - ENTRADA DE ELEMENTOS AGREGADOS (KOHA) | |
| Fuente de clasificaión o esquema | Dewey Decimal Classification |
| Koha [por defecto] tipo de item | 1- Monografias |
| Suprimido | Perdido | Fuente de clasificación o esquema | Estropeado | Restricciones de uso | No para préstamo | Código de colección | Localización permanente | Localización actual | Localización en estanter&íacute;as | Fecha adquisición | Fuente de adquisición | Número de inventario | Préstamos totales | Signatura completa | Código de barras | Fecha última consulta | Fecha último préstamo | Coste, precio reemplazado | Fecha del precio de reemplazo | Tipo de item de Koha |
|---|---|---|---|---|---|---|---|---|---|---|---|---|---|---|---|---|---|---|---|---|
| NULL | NULL | Dewey Decimal Classification | NULL | Prestable | NULL | NULL | Biblioteca Miguel de Cervantes - UNICAES | Biblioteca Miguel de Cervantes - UNICAES | Sala Principal | 16/12/1992 | Donación - UNICO | 006282 | 1 | 658.152 SAP fun | 1006282 | 01/04/2016 | 31/03/2016 | 36.05 | 05/11/2013 | 1- Monografias |
| NULL | NULL | Dewey Decimal Classification | NULL | Prestable | NULL | NULL | Biblioteca Miguel de Cervantes - UNICAES | Biblioteca Miguel de Cervantes - UNICAES | Sala Principal | 18/12/1992 | Donación - UNICO | 006283 | 658.152 SAP fun | 1006283 | 05/11/2013 | 36.05 | 05/11/2013 | 1- Monografias | ||
| NULL | NULL | Dewey Decimal Classification | NULL | Prestable | NULL | NULL | Biblioteca Miguel de Cervantes - UNICAES | Biblioteca Miguel de Cervantes - UNICAES | Sala Principal | 18/12/1992 | Donación - UNICO | 006284 | 658.152 SAP fun | 1006284 | 05/11/2013 | 36.05 | 05/11/2013 | 1- Monografias | ||
| NULL | NULL | Dewey Decimal Classification | NULL | Prestable | NULL | NULL | Biblioteca Miguel de Cervantes - UNICAES | Biblioteca Miguel de Cervantes - UNICAES | Sala Principal | 18/12/1992 | Donación - UNICO | 006285 | 1 | 658.152 SAP fun | 1006285 | 01/09/2015 | 17/08/2015 | 36.05 | 05/11/2013 | 1- Monografias |